[Event "Pescia op-A 5th"]
[Site "Pescia"]
[Date "2013.10.13"]
[Round "5"]
[White "Rinaldi, Francesco Saverio"]
[Black "Del Giudice, Stefano"]
[Result "0-1"]
[WhiteElo "2099"]
[BlackElo "1909"]
[PlyCount "103"]
[EventDate "2013.10.11"]
[EventType "swiss"]
[EventRounds "5"]
[EventCountry "ITA"]
[SourceTitle "EXT 2015"]
[Source "ChessBase"]
[SourceDate "2014.11.20"]
[SourceVersion "1"]
[SourceVersionDate "2014.11.20"]
[SourceQuality "1"]

1. d4 e6 2. Nf3 f5 3. e3 Nf6 4. Bd3 d5 5. 0-0 c6 6. b3 Bd6 7. Ba3 Bxa3 8. Nxa3 Qe7 9. Qc1 0-0 10. c4 Ne4 11. Qb2 a5 12. Nc2 Nd7 13. a3 b6 14. b4 Ba6 15. b5 cxb5 16. cxb5 Bb7 17. Bxe4 fxe4 18. Ne5 Rfc8 19. Rfc1 Nxe5 20. dxe5 Rc4 21. Nd4 Rac8 22. Rxc4 dxc4 23. Rc1 Bd5 24. Ne2 Rc5 25. Nc3 Qe8 26. Rb1 Qb8 27. Na4 Rc8 28. Qd4 c3 29. Nxc3 Rc4 30. Qd2 Qxe5 31. Ne2 Qd6 32. Qb2 Qc5 33. Rc1 Rxc1+ 34. Nxc1 Bc4 35. a4 Bd3 36. Na2 Qc4 37. h3 Qxa4 38. Nc1 Qc4 39. Kh2 Qc7+ 40. g3 a4 41. Nxd3 exd3 42. Qd4 a3 43. Qxd3 a2 44. Qa3 Qc2 45. Qa8+ Kf7 46. Kg2 Qb1 47. Qf3+ Qf5 48. Qb7+ Kg6 49. e4 Qe5 50. f4 Qb2+ 51. Kf3 Qc3+ 52. Kg4 0-1

[Event "Livorno Province-ch"]
[Site "Livorno"]
[Date "2008.01.12"]
[Round "2"]
[White "Rinaldi, Francesco Saverio"]
[Black "Codenotti, Marco"]
[Result "1/2-1/2"]
[WhiteElo "2181"]
[BlackElo "1992"]
[PlyCount "53"]
[EventDate "2008.01.12"]
[EventType "swiss"]
[EventRounds "6"]
[EventCountry "ITA"]
[SourceTitle "EXT 2011"]
[Source "ChessBase"]
[SourceDate "2010.11.26"]
[SourceVersion "1"]
[SourceVersionDate "2010.11.26"]
[SourceQuality "1"]

1. Nf3 Nf6 2. d4 g6 3. c4 Bg7 4. Nc3 0-0 5. e3 d6 6. Be2 Nbd7 7. 0-0 e5 8. Qc2 Re8 9. b4 Nf8 10. a4 h5 11. Rd1 Bf5 12. Qb3 e4 13. Nd2 N8h7 14. b5 Ng4 15. h3 Ngf6 16. Nf1 g5 17. Ng3 Bg6 18. Nd5 Qc8 19. Rd2 h4 20. Nf1 g4 21. Nf4 Bf5 22. hxg4 Bxg4 23. Bxg4 Nxg4 24. Nh2 Ng5 25. Qd1 f5 26. Bb2 Qd7 27. Rc1 1/2-1/2

[Event "Florence Weekend op 2nd"]
[Site "Florence"]
[Date "2007.10.26"]
[Round "1"]
[White "Codenotti, Marco"]
[Black "Rinaldi, Francesco Saverio"]
[Result "1/2-1/2"]
[WhiteElo "2002"]
[BlackElo "2187"]
[PlyCount "59"]
[EventDate "2007.10.26"]
[EventType "swiss"]
[EventRounds "6"]
[EventCountry "ITA"]
[SourceTitle "EXT 2010"]
[Source "ChessBase"]
[SourceDate "2010.11.25"]
[SourceVersion "1"]
[SourceVersionDate "2010.11.25"]
[SourceQuality "1"]

1. e4 g6 2. d4 Bg7 3. Nc3 d6 4. f4 a6 5. Nf3 b5 6. a3 Bb7 7. Bd3 Nd7 8. 0-0 c5 9. dxc5 Nxc5 10. Be3 Rc8 11. Bd4 Bxd4+ 12. Nxd4 Nf6 13. Qe2 Qb6 14. Kh1 Nxd3 15. Qxd3 Rc4 16. Rad1 0-0 17. Rfe1 e5 18. fxe5 dxe5 19. Nf3 Ng4 20. Re2 Nf2+ 21. Rxf2 Qxf2 22. Nxe5 Rcc8 23. Rf1 Qh4 24. Nd7 Rcd8 25. Nf6+ Kg7 26. Qe3 Rd6 27. Rf4 Qh6 28. Ne8+ Rxe8 29. Rxf7+ Kxf7 30. Qxh6 1/2-1/2

[Event "Cutro op-A 11th"]
[Site "Cutro"]
[Date "2005.04.30"]
[Round "8"]
[White "Rinaldi, Francesco Saverio"]
[Black "Kasparova, Tatiana"]
[Result "1/2-1/2"]
[WhiteElo "2140"]
[BlackElo "2240"]
[PlyCount "20"]
[EventDate "2005.04.23"]
[EventType "swiss"]
[EventRounds "9"]
[EventCountry "ITA"]
[SourceTitle "CBM 106 Extra"]
[Source "ChessBase"]
[SourceDate "2005.07.01"]
[SourceVersion "1"]
[SourceVersionDate "2005.07.01"]
[SourceQuality "1"]

1. c4 c5 2. Nc3 Nc6 3. Nf3 Nf6 4. g3 g6 5. Bg2 Bg7 6. 0-0 0-0 7. d4 cxd4 8. Nxd4 Nxd4 9. Qxd4 d6 10. Qh4 Rb8 1/2-1/2

[Event "Cutro op-A 11th"]
[Site "Cutro"]
[Date "2005.04.28"]
[Round "6"]
[White "Rinaldi, Francesco Saverio"]
[Black "Bentivegna, Francesco"]
[Result "1-0"]
[WhiteElo "2140"]
[BlackElo "2229"]
[PlyCount "57"]
[EventDate "2005.04.23"]
[EventType "swiss"]
[EventRounds "9"]
[EventCountry "ITA"]
[SourceTitle "CBM 106 Extra"]
[Source "ChessBase"]
[SourceDate "2005.07.01"]
[SourceVersion "1"]
[SourceVersionDate "2005.07.01"]
[SourceQuality "1"]

1. d4 Nf6 2. Nf3 g6 3. e3 Bg7 4. c4 0-0 5. Nc3 d5 6. b4 b6 7. Qb3 c5 8. bxc5 bxc5 9. cxd5 Na6 10. a3 Rb8 11. Qa2 Nc7 12. Bc4 Bb7 13. 0-0 cxd4 14. Nxd4 Ncxd5 15. Nxd5 Nxd5 16. Bb2 e6 17. Rfd1 Qe7 18. Rac1 Nb6 19. Bf1 Rfc8 20. Qa1 e5 21. Nb5 Ba8 22. a4 Rxc1 23. Rxc1 a6 24. Ba3 Qg5 25. Bd6 Rc8 26. a5 Nc4 27. Na7 Rd8 28. Bc7 Nxe3 29. Bxd8 1-0

[Event "Cutro op-A 11th"]
[Site "Cutro"]
[Date "2005.04.27"]
[Round "5"]
[White "Bukal, Vladimir Jr"]
[Black "Rinaldi, Francesco Saverio"]
[Result "1-0"]
[WhiteElo "2405"]
[BlackElo "2140"]
[PlyCount "87"]
[EventDate "2005.04.23"]
[EventType "swiss"]
[EventRounds "9"]
[EventCountry "ITA"]
[SourceTitle "CBM 106 Extra"]
[Source "ChessBase"]
[SourceDate "2005.07.01"]
[SourceVersion "1"]
[SourceVersionDate "2005.07.01"]
[SourceQuality "1"]

1. d4 Nf6 2. c4 g6 3. g3 c6 4. Bg2 d5 5. cxd5 cxd5 6. Nc3 Bg7 7. Nf3 0-0 8. 0-0 Ne4 9. Ne5 Bf5 10. Na4 Nd7 11. Nxd7 Qxd7 12. f3 Nd6 13. g4 Be6 14. Nc5 Qc8 15. Bf4 Nb5 16. e3 b6 17. Nd3 Qd7 18. Ne5 Qb7 19. Qa4 a6 20. Rfc1 Rfc8 21. Bf1 f6 22. Nd3 Bd7 23. Qb3 a5 24. a4 Nd6 25. Bxd6 exd6 26. Nf4 Bh6 27. Qxd5+ Qxd5 28. Nxd5 Rxc1 29. Rxc1 Be6 30. Bc4 Kf8 31. Rc3 Rc8 32. Nxb6 Rc6 33. Bxe6 Rxb6 34. b3 Rb7 35. f4 Ke7 36. Bd5 Rd7 37. Rc6 Ra7 38. Rc8 Bf8 39. Kf2 h6 40. h4 g5 41. fxg5 fxg5 42. h5 Bg7 43. Ke2 Bf6 44. Kd3 1-0

[Event "IECG WC.2003.P.00009 email"]
[Site "IECG email"]
[Date "2000.??.??"]
[Round "?"]
[White "Pijl, Richard"]
[Black "Rinaldi, Francesco Saverio"]
[Result "1-0"]
[WhiteElo "1966"]
[BlackElo "1851"]
[PlyCount "29"]
[EventDate "2000.01.26"]
[EventType "tourn (corr)"]
[EventRounds "10"]
[SourceTitle "Corr 2008"]
[Source "ChessBase"]
[SourceDate "2008.06.24"]
[SourceVersion "1"]
[SourceVersionDate "2008.06.24"]
[SourceQuality "1"]

1. e4 c5 2. Nf3 Nc6 3. d4 cxd4 4. Nxd4 g6 5. Nc3 Bg7 6. Be3 Nf6 7. f3 0-0 8. Qd2 d5 9. e5 Nxe5 10. 0-0-0 a6 11. g4 b5 12. Bf4 Nc4 13. Bxc4 bxc4 14. h4 Re8 15. h5 1-0

[Event "IECG WC.2003.P.00009 email"]
[Site "IECG email"]
[Date "2000.??.??"]
[Round "?"]
[White "Rinaldi, Francesco Saverio"]
[Black "Rossetti, Mario"]
[Result "0-1"]
[WhiteElo "1851"]
[BlackElo "928"]
[PlyCount "44"]
[EventDate "2000.01.26"]
[EventType "tourn (corr)"]
[EventRounds "10"]
[SourceTitle "Corr 2008"]
[Source "ChessBase"]
[SourceDate "2008.06.24"]
[SourceVersion "1"]
[SourceVersionDate "2008.06.24"]
[SourceQuality "1"]

1. d4 Nf6 2. Nf3 e6 3. e3 Be7 4. Bd3 Nc6 5. c3 d5 6. Nbd2 0-0 7. 0-0 Bd7 8. e4 Nxe4 9. Nxe4 dxe4 10. Bxe4 a6 11. Bc2 Re8 12. Qd3 g6 13. Bf4 Bf6 14. Rfe1 Ne7 15. Ne5 Nd5 16. Bd2 Bxe5 17. dxe5 Bc6 18. Qg3 Ne7 19. Bg5 Qd5 20. Red1 Qb5 21. b4 Nf5 22. Qf4 h6 0-1

[Event "IECG CP.1999.P.00054"]
[Site "IECG email"]
[Date "1999.10.01"]
[Round "?"]
[White "Rinaldi, Francesco Saverio"]
[Black "Tjiptadi, Kudus"]
[Result "1-0"]
[WhiteElo "1851"]
[BlackElo "800"]
[PlyCount "43"]
[EventDate "1999.10.01"]
[EventType "tourn (corr)"]
[EventRounds "6"]
[EventCountry "RUS"]
[SourceTitle "Corr 2008"]
[Source "ChessBase"]
[SourceDate "2008.06.24"]
[SourceVersion "1"]
[SourceVersionDate "2008.06.24"]
[SourceQuality "1"]

1. d4 Nf6 2. Nf3 e6 3. e3 c5 4. Bd3 Be7 5. Nbd2 0-0 6. 0-0 Nc6 7. c3 h6 8. Qe2 d5 9. dxc5 Bxc5 10. e4 d4 11. Nb3 Bb6 12. e5 Nh7 13. Nbxd4 Nxd4 14. cxd4 f5 15. Bc4 Qe7 16. Rd1 Bd7 17. d5 exd5 18. Bxd5+ Be6 19. Bxe6+ Qxe6 20. Rd6 Qe7 21. Be3 Bxe3 22. Qxe3 1-0

[Event "IECC TH-M email"]
[Site "IECC email"]
[Date "1999.05.28"]
[Round "?"]
[White "Rinaldi, Francesco Saverio"]
[Black "Bilsel, Sabahaddin"]
[Result "1-0"]
[WhiteElo "1958"]
[BlackElo "1981"]
[PlyCount "53"]
[EventDate "1999.??.??"]
[EventType "match (corr)"]
[EventRounds "2"]
[SourceTitle "Corr 2008"]
[Source "ChessBase"]
[SourceDate "2008.06.24"]
[SourceVersion "1"]
[SourceVersionDate "2008.06.24"]
[SourceQuality "1"]

1. d4 d5 2. e4 dxe4 3. Nc3 Nf6 4. f3 exf3 5. Nxf3 g6 6. Bc4 Bg7 7. 0-0 0-0 8. Qe1 Nc6 9. Ne2 Bg4 10. Qh4 Bf5 11. Bh6 Na5 12. Bd3 Bxd3 13. cxd3 Nc6 14. Rae1 Bxh6 15. Qxh6 Ng4 16. Qg5 Qd7 17. h3 Nf6 18. Qh6 Nd8 19. Nf4 Re8 20. Kh1 c6 21. d5 cxd5 22. Ng5 e6 23. Rf2 Rc8 24. Ref1 Rc7 25. Ne2 Nh5 26. Qxh7+ Kf8 27. Qxg6 1-0

[Event "IECC KO email"]
[Site "IECC email"]
[Date "1999.04.17"]
[Round "?"]
[White "Rinaldi, Francesco Saverio"]
[Black "Cornell, David"]
[Result "1-0"]
[WhiteElo "1953"]
[BlackElo "1688"]
[PlyCount "51"]
[EventDate "1999.??.??"]
[EventType "tourn (corr)"]
[EventRounds "6"]
[SourceTitle "Corr 2008"]
[Source "ChessBase"]
[SourceDate "2008.06.24"]
[SourceVersion "1"]
[SourceVersionDate "2008.06.24"]
[SourceQuality "1"]

1. d4 d5 2. Nf3 Nf6 3. e3 g6 4. c4 Bg7 5. Nc3 dxc4 6. Bxc4 0-0 7. 0-0 Nbd7 8. Re1 Nb6 9. Bb3 Nbd5 10. e4 Nxc3 11. bxc3 Bg4 12. h3 Bxf3 13. Qxf3 c6 14. Rb1 Rc8 15. e5 Nd5 16. Bxd5 cxd5 17. Rxb7 Qa5 18. Rxe7 Rxc3 19. Be3 Qxa2 20. e6 f5 21. Rxg7+ Kxg7 22. Bh6+ Kxh6 23. Qxc3 Re8 24. Qe3+ Kg7 25. Rc1 Kg8 26. Qe5 1-0

[Event "IECC M email"]
[Site "IECC email"]
[Date "1999.01.13"]
[Round "?"]
[White "Rinaldi, Francesco Saverio"]
[Black "Richard, Phil"]
[Result "0-1"]
[WhiteElo "1957"]
[BlackElo "2093"]
[PlyCount "58"]
[EventDate "1999.??.??"]
[EventType "tourn (corr)"]
[EventRounds "6"]
[SourceTitle "Corr 2008"]
[Source "ChessBase"]
[SourceDate "2008.06.24"]
[SourceVersion "1"]
[SourceVersionDate "2008.06.24"]
[SourceQuality "1"]

1. d4 d5 2. Nf3 Nf6 3. e3 g6 4. Bd3 Bg7 5. Nbd2 c5 6. c3 0-0 7. 0-0 Nbd7 8. b4 c4 9. Bc2 Qc7 10. e4 dxe4 11. Nxe4 Nd5 12. a4 a5 13. b5 N7b6 14. Bd2 Bg4 15. Re1 e5 16. dxe5 Bxe5 17. h3 Bxf3 18. Qxf3 f5 19. Ng3 Bf4 20. Rad1 Bxd2 21. Rxd2 Qf4 22. Qxf4 Nxf4 23. Rd6 Nbd5 24. Rd7 Rf7 25. Rxf7 Kxf7 26. Rd1 Rc8 27. Kf1 Nxc3 28. Rd7+ Ke6 29. Rd2 Rc5 0-1